000
00245nam a2200097Ia 4500
001
1049591
005
20250826232316.0
008
250824s9999 xx 000 0 und d
245
0
_a
PİRİ TÜRKİSTAN
_c
YILMAZ ÖKSÜZ
260
_b
KETEBE YAYINLARI
999
_c
1049591
_d
1049591